01161nam a2200277Ia 4500003000400000005001700004008004100021020001500062040001800077041000800095082002300103100002800126245015100154250001200305260006600317300003000383650005300413650004900466650005300515650004400568650004300612650004200655942002700697999001900724952014000743OSt20250203144518.0210716s2004 xx 000 0 und d a0070590265 cAIMIT LIBRARY aeng a005.7401 21bSCAM aScardina, Mark.9197208 aOracle database 10g xml and sql: bdesign build & manage xml applications in java c, c++ & pl/sql /cBy Mark V Scardina, Ben Chang and Jinyu Wang. a1st ed. aNew Delhi :bTata McGraw Hill Publishing Company Ltd ,c2004. axxi,586 p.;bPBc24.7 cm. aAccessing xml with DOM SAX JAXB AND STAX9197209 aTransforming xml with xslt and xpath9197210 aValidating xml with dtds and xml schemas9197211 aXML messaging and rpc with soap9197212 aOracle xml management for dbas9197213 aGenerating and retrieving xml9197214 2ddccBKk005.7401 SCAM c187539d187539 001040708MCAaAIMITbAIMITeIntel Book Distributorsg456.00l0o005.7401 SCAMpMCA07047r2025-07-21 00:00:00v364.80w2021-07-16yBK